书目信息 |
| 题名: |
企业保险
|
|
| 作者: | ;孙立明 译 ;迪尔伯恩金融服务公司 主编 | |
| 分册: | ||
| 出版信息: | 北京 中国人民大学出版社 2005 |
|
| 页数: | 451页 | |
| 开本: | 23cm | |
| 丛书名: | 金融学译丛 | |
| 单 册: | ||
| 中图分类: | F840.681 | |
| 科图分类: | ||
| 主题词: | 企业 , 企业--保险--研究 | |
| 电子资源: | ||
| ISBN: | 7-300-06878-2 | |
| 000 | 01159nam0 2200325 450 | |
| 000 | 01170nam0 2200313 450 | |
| 000 | 01099nam0 2200289 450 | |
| 000 | 01063oam2 2200277 45 | |
| 005 | 20070725170133.87 | |
| 010 | @a7-300-06878-2@dCNY46.00 | |
| 100 | @a20070714d2005 em y0chiy0120 ea | |
| 101 | 1 | @achi@ceng |
| 102 | @aCN@b110000 | |
| 105 | @ay z 000yy | |
| 200 | 1 | @a企业保险@AQi Ye Bao Xian@dBusiness insurance@f迪尔伯恩金融服务公司主编@FDi Er Bo En Jin Rong Fu Wu Gong Si Zhu Bian@g孙立明译@zeng |
| 205 | @a7版 | |
| 210 | @a北京@c中国人民大学出版社@d2005 | |
| 215 | @a451页@d23cm | |
| 225 | 2 | @a金融学译丛 |
| 305 | @a据原书第7版译出 | |
| 330 | @a本书针对单人业主制企业、合伙制企业、公司制企业等不同的企业组织形式,结合美国的实际做法,介绍了企业保险的优势、作用和各种具体的实施方案。 | |
| 410 | 0 | @12001 @a金融学译丛 |
| 510 | 1 | @aBusiness insurance@zeng |
| 606 | 0 | @a企业 |
| 606 | 0 | @a企业@x保险@x研究 |
| 690 | @aF840.681@v4 | |
| 702 | 0 | @a孙立明@ASun Li Ming@c(翻译)@4译 |
| 711 | 01 | @c(美)@a迪尔伯恩金融服务公司@ADi Er Bo En Jin Rong Fu Wu Gong Si@4主编 |
| 801 | 0 | @aCN@bTAOJIN@c20070725 |
| 905 | @a10447@dF840.681@e44=7 | |
| 企业保险=Business insurance/迪尔伯恩金融服务公司主编/孙立明译.-7版.-北京:中国人民大学出版社,2005 |
| 451页;23cm.-(金融学译丛) |
| ISBN 7-300-06878-2:CNY46.00 |
| 本书针对单人业主制企业、合伙制企业、公司制企业等不同的企业组织形式,结合美国的实际做法,介绍了企业保险的优势、作用和各种具体的实施方案。 |
| ● |
| 相关链接 |
|
|
|
|
正题名:企业保险
索取号:F840.681/44=7
 
预约/预借
| 序号 | 登录号 | 条形码 | 馆藏地/架位号 | 状态 | 备注 |
| 1 | 0826203 | 208262039 | 第一样本阅览室/ [索取号:F840.681/44=7] | 在馆 | |
| 2 | 0826204 | 208262048 | 第一借阅区/ [索取号:F840.681/44=7] | 在馆 | |
| 3 | 0826205 | 208262057 | 第一借阅区/ [索取号:F840.681/44=7] | 在馆 | |
| 4 | 0826206 | 208262066 | 第一借阅区/ [索取号:F840.681/44=7] | 在馆 | |
| 5 | 0826207 | 208262075 | 第一借阅区/ [索取号:F840.681/44=7] | 在馆 | |
| 6 | 0826208 | 208262084 | 密集书库/ [索取号:F840.681/44=7] | 在馆 | |
| 7 | 0826209 | 208262093 | 密集书库/ [索取号:F840.681/44=7] | 在馆 | |
| 8 | 0826210 | 208262100 | 密集书库/ [索取号:F840.681/44=7] | 在馆 |